Т. 2: Повести. Романы; Избранное; Дом для бродяг; К вам и сразу обратно; Территория; Правила бегства

Podrobná bibliografie
Parent link:Избранное: в 2 т./ О. М. Куваев; Г. М. Куваева; авт. предисл. В. Курбатов. Т. 2: Повести. Романы.— , 1988
Hlavní autor: Куваев О. М. Олег Михайлович
Další autoři: Куваева Г. М. (автор предисловия), Курбатов В. Валентин
Jazyk:ruština
Vydáno: 1988
TOC:Дом для бродяг;
К вам и сразу обратно;
Территория;
Правила бегства;
Témata:
Médium: MixedMaterials Kniha
KOHA link:https://koha.lib.tpu.ru/cgi-bin/koha/opac-detail.pl?biblionumber=111783

MARC

LEADER 00000nam2a2200000 4500
001 111783
005 20231031121013.0
010 |a 5235001397 
035 |a (RuTPU)RU\TPU\book\120736 
035 |a RU\TPU\book\120095 
090 |a 111783 
100 |a 20070320d1988 m y0rusy50 ca 
101 0 |a rus 
102 |a RU 
105 |a a z 000ay 
200 0 |a Т. 2: Повести. Романы 
210 |d 1988 
215 |a 494[2] с.  |c ил. 
461 1 |0 (RuTPU)RU\TPU\book\115036  |t Избранное  |o в 2 т.  |f О. М. Куваев  |g Г. М. Куваева; авт. предисл. В. Курбатов  |v Т. 2: Повести. Романы  |d 1988 
464 |t Дом для бродяг  |o повесть 
464 |t К вам и сразу обратно  |o повесть 
464 |t Территория  |o роман 
464 |t Правила бегства  |o роман 
610 1 |a художественная литература 
610 1 |a проза 
610 1 |a рассказы 
610 1 |a повести 
610 1 |a романы 
675 |a Р2  |v 3 
700 1 |a Куваев  |b О. М.  |g Олег Михайлович 
702 1 |a Куваева  |b Г. М.  |4 210 
702 1 |a Курбатов  |b В.  |g Валентин  |4 080 
801 1 |a RU  |b 63413507  |c 20070312  |g PSBO 
801 2 |a RU  |b 63413507  |c 20221123  |g PSBO 
942 |c BK